The great gatsby (Record no. 365324)
[ view plain ]
| 000 -LEADER | |
|---|---|
| fixed length control field | 00628nam a22001817a 4500 |
| 003 - CONTROL NUMBER IDENTIFIER | |
| control field | 0 |
| 005 - DATE AND TIME OF LATEST TRANSACTION | |
| control field | 20230919111154.0 |
| 008 - FIXED-LENGTH DATA ELEMENTS--GENERAL INFORMATION | |
| fixed length control field | 230919b xxu||||| |||| 00| 0 eng d |
| 020 ## - INTERNATIONAL STANDARD BOOK NUMBER | |
| International Standard Book Number | 978-0-0-99-54153-0 |
| 050 ## - LIBRARY OF CONGRESS CALL NUMBER | |
| Classification number | PS 3511 |
| Item number | .F553 2010 |
| 100 ## - MAIN ENTRY--PERSONAL NAME | |
| Personal name | Fitzgerald, Scott F. |
| 245 ## - TITLE STATEMENT | |
| Title | The great gatsby |
| Statement of responsibility, etc | Scott F. Fitzgerald |
| 260 ## - PUBLICATION, DISTRIBUTION, ETC. (IMPRINT) | |
| Place of publication, distribution, etc | London |
| Name of publisher, distributor, etc | Vintage |
| Date of publication, distribution, etc | c2010. |
| 300 ## - PHYSICAL DESCRIPTION | |
| Extent | 148 pages ; |
| Dimensions | 20 cm. |
| 500 ## - GENERAL NOTE | |
| General note | Fitzgerald, F. Scott (Francis Scott), 1896-1940. - Great Gatsby -- Juvenile literature. |
| 600 ## - SUBJECT ADDED ENTRY--PERSONAL NAME | |
| Personal name | Fitzgerald, F. Scott (Francis Scott), 1896-1940. - Great Gatsby -- Juvenile literature. |
| 942 ## - ADDED ENTRY ELEMENTS (KOHA) | |
| Source of classification or shelving scheme | Library of Congress Classification |
| Koha item type | Books |
| Withdrawn status | Lost status | Source of classification or shelving scheme | Damaged status | Home library | Current library | Shelving location | Date acquired | Source of acquisition | Sub Shelving location | Total Checkouts | Full call number | Barcode | Date last seen | Price effective from | Koha item type |
|---|---|---|---|---|---|---|---|---|---|---|---|---|---|---|---|
| Library of Congress Classification | Luxembourg Library | Luxembourg Library | Teachers Reference Section | 09/19/2023 | Library Fund | PS 3511 .F553 2010 | 21069 | 09/19/2023 | 09/19/2023 | Books |